2020 Six Nations - France Squad - Statistics

General Stats
  • This quiz has been taken 19 times
  • The average score is 17 of 30
Answer Stats
Player Team % Correct
Antoine Dupont Stade toulousain
100%
Romain Ntamack Stade toulousain
100%
Cyril Baille Stade toulousain
87%
Damian Penaud ASM Clermont
87%
Gaël Fickou Stade français
80%
Julien Marchand Stade toulousain
80%
Matthieu Jalibert Union Bordeaux Bègles
80%
Grégory Alldritt Stade rochelais
73%
Teddy Thomas Racing 92
73%
Bernard Le Roux Racing 92
67%
Thomas Ramos Stade toulousain
67%
Charles Ollivon RC Toulon
60%
Baptiste Serin RC Toulon
53%
Demba Bamba Lyon OU
53%
Mohamed Haouas Montpellier HR
53%
Cameron Woki Union Bordeaux Bègles
47%
Camille Chat Racing 92
47%
François Cros Stade toulousain
47%
Paul Willemse Montpellier HR
47%
Virimi Vakatawa Racing 92
47%
Anthony Bouthier Montpellier HR
40%
Arthur Vincent Montpellier HR
40%
Dylan Cretin Lyon OU
40%
Jean-Baptiste Gros RC Toulon
40%
Peato Mauvaka Stade toulousain
40%
Vincent Rattez Montpellier HR
40%
Romain Taofifenua RC Toulon
27%
Jefferson Poirot Union Bordeaux Bègles
20%
Arthur Retière Stade rochelais
13%
Boris Palu Racing 92
13%
No matching quizzes found
Score Distribution
Percent of People with Each Score
Percentile by Number Answered
Your Score History
You have not taken this quiz